مكتبة جامعة عجلون الوطنية

فهرس بحث المكتبة

Normal view MARC view
  • جرائم الضرب -- قوانين وتشريعات -- الأردن -- جرائم الاعتداء على الأشخاص -- قوانين وتشريعات -- الأردن

Entry Topical Term

Number of records used in: 1

001 - CONTROL NUMBER

  • control field: 11163

003 - CONTROL NUMBER IDENTIFIER

  • control field: JO-AjAnu

005 - DATE AND TIME OF LATEST TRANSACTION

  • control field: 20230606072107.0

008 - FIXED-LENGTH DATA ELEMENTS

  • fixed length control field: 230606|| aca||aabn | a|a d

040 ## - CATALOGING SOURCE

  • Original cataloging agency: JO-AjAnu
  • Transcribing agency: JO-AjAnu

150 ## - HEADING--TOPICAL TERM

  • Topical term or geographic name entry element: جرائم الضرب -- قوانين وتشريعات -- الأردن -- جرائم الاعتداء على الأشخاص -- قوانين وتشريعات -- الأردن

670 ## - SOURCE DATA FOUND

  • Source citation: Work cat.: (JO-AjAnu)5748: مدغمش ، جمال عبد الغني , author 11162, أحكام المشاجرة